00484nam a2200169Ia 4500008004100000040001900041041001200060082003500072100001700107245002900124260003400153300001700187504004100204650001700245651003100262850002100293131103s9999 xx 000 0 und d aLoreto College aEnglish a822.91/WILbLCLIB(Press)/12670 aLaver, James aOscar WildecJames Laver aLondonbBritish Councilc1954 a36p. c 22cm aIncludes bibliographical references  aWilde, Oscar aEnglish drama - ciriticism aLCLIB/822.91/WIL